|
|
|
|
| LEADER |
01350nam a2200253 i 4500 |
| 003 |
GR-PaULI |
| 005 |
20240709133624.0 |
| 008 |
191001s2004 gr a|||g |||| 00| 0 gre d |
| 952 |
|
|
|0 0
|1 0
|2 ddc
|4 0
|6 730_949000000000000_5_ΧΑΛ
|7 0
|9 235701
|a THST
|b THST
|d 2019-10-01
|i 007652
|l 1
|m 1
|o 730.949 5 ΧΑΛ
|p 025000264416
|r 2022-12-29 00:00:00
|s 2022-11-14
|t 1
|v 2019.00
|w 2019-10-01
|y BK15
|
| 999 |
|
|
|c 142784
|d 142784
|
| 040 |
|
|
|a GR-PaULI
|b gre
|c GR-PaULI
|e AACR2
|
| 082 |
0 |
4 |
|2 23
|a 730.949 5
|
| 100 |
1 |
|
|a Παπαδημητρίου, Γ. Ν.,
|d 1912-
|e συγγραφέας
|9 178119
|
| 245 |
1 |
0 |
|a Ταλέντο και τέχνη στο φως της σύγχρονης επιστήμης :
|c Γιαννούλης Χαλεπάς /
|b Γ.Ν. Παπαδημητρίου ; εισαγωγή Μάρω Βαμβουνάκη.
|
| 260 |
|
|
|a Αθήνα :
|b Εριννη,
|c 2004.
|
| 300 |
|
|
|a 129 σ. :
|b εικ. ;
|c 21 εκ.
|
| 504 |
|
|
|6 Περιλαμβάνει βιβλιογραφία.
|
| 600 |
1 |
0 |
|a Χαλεπάς, Γιαννούλης,
|d 1851-1938
|9 25796
|
| 650 |
|
4 |
|9 51594
|a Γλύπτες
|z Ελλάδα
|
| 650 |
|
4 |
|a Γλυπτική, Ελληνική
|z
|9 6368
|
| 700 |
1 |
4 |
|9 54673
|a Βαμβουνάκη, Μάρω,
|d 1948-
|e συγγραφέας εισαγωγής
|
| 830 |
|
0 |
|9 178111
|a Χθες-Σήμερα-Αύριο (Εριννη)
|
| 942 |
|
|
|2 ddc
|c BK15
|
| 998 |
|
|
|c ΜΑΝΙΑ
|d 2019-10
|